000 00588nam a2200169 a 4500
001 000037839
005 20240306073904.0
008 100512s1961 dr ac 000 0 spa d
040 _aDO-SdBNP
_bspa
_cBNPHU
100 1 _aBatista García, Francisco A.
_946060
245 1 0 _aHistoria de Bonao /
_cFrancisco A. Batista García ; prólogo Vetilio Alfau Durán.
260 _aSanto Domingo :
_bDel Caribe,
_c1961.
300 _a368 p. :
_bils., retrs. ;
_c24 cm.
500 _aIncluye notas al pie de las páginas
700 1 _aAlfau Durán, Vetilio,
_d1909-1985
_epról.
_910091
049 _aBNPD
999 _c37329
_d37329